书目信息 |
| 题名: |
用友ERP-U8财务软件实务操作
|
|
| 作者: | 张建红编著 , 洑建红 | |
| 分册: | ||
| 出版信息: | 北京 人民邮电出版社 2006.4 |
|
| 页数: | 284页 | |
| 开本: | 26cm | |
| 丛书名: | ||
| 单 册: | ||
| 中图分类: | F232 | |
| 科图分类: | ||
| 主题词: | 会计-设备 | |
| 电子资源: | ||
| ISBN: | 7-115-14632-2 | |
| 000 | 00866oam2 2200241 45 | |
| 001 | 010432911043 | |
| 005 | 20060622165828.48 | |
| 010 | @a7-115-14632-2@dCNY32.00 | |
| 092 | @aCN@b安徽儒林-S743-2970 | |
| 100 | @a20060422d2006 ekmy0 y0120 ea | |
| 102 | @aCN@b110000 | |
| 105 | @ay z 000yy | |
| 200 | 1 | @a用友ERP-U8财务软件实务操作@f洑建红编著@Ffu jian hong bian zhu |
| 210 | @a北京@c人民邮电出版社@d2006.4 | |
| 215 | @a284页@d26cm | |
| 330 | @a本书根据日常会计实务处理流程和财务软件在实务中运用的实际步骤,以具体的会计实务材料为基础,分阶段对软件运用进行讲解,并对用友ERP-U8财务软件在使用过程中所涉及的操作技巧,会计内部控制建设所需注意进行了详细的说明。 | |
| 606 | 1 | @a会计-设备 |
| 690 | @aF232@v4 | |
| 701 | 0 | @a张建红编著 |
| 701 | 0 | @a洑建红@Afu jian hong@4编著 |
| 801 | 0 | @aCN@b安徽儒林@c20060622 |
| 905 | @dF232@eF644 | |
| 906 | @dCNY30.00@n3@r1 | |
| 用友ERP-U8财务软件实务操作/洑建红编著.-北京:人民邮电出版社,2006.4 |
| 284页;26cm |
| ISBN 7-115-14632-2:CNY32.00 |
| 本书根据日常会计实务处理流程和财务软件在实务中运用的实际步骤,以具体的会计实务材料为基础,分阶段对软件运用进行讲解,并对用友ERP-U8财务软件在使用过程中所涉及的操作技巧,会计内部控制建设所需注意进行了详细的说明。 |
| ● |
| 相关链接 |
|
|
|
正题名:用友ERP-U8财务软件实务操作
索取号:F232/F644
 
预约/预借
| 序号 | 登录号 | 条形码 | 馆藏地/架位号 | 状态 | 备注 |
| 1 | 587761 | 205877611 | 社科库409/409社科库 76排2列2层/ [索取号:F232/F644] | 在馆 | |
| 2 | 587762 | 205877620 | 社科库409/409社科库 76排2列2层/ [索取号:F232/F644] | 在馆 | |
| 3 | 587763 | 205877639 | 社科库409/400B社科库 2排4列5层/ [索取号:F232/F644] | 在馆 |